000 00429nam a22001217a 4500
005 20260629103312.0
100 _aShabeer Ahmed
_a19-17-MSIT-15
_aSupervisor - Dr. Saima Siraj Soomro
_91004
245 _aExploring Wireless Body Area Networks: Architecture and Emerging Research Challenges (Thesis MS)
260 _aNawabshah
_bQUEST
_c2024
300 _a113p.
700 _aDepartment of Information Technology
_9954
942 _cTHESIS
999 _c69065
_d69062